000 00612cam a2200205 a 4500
003 OSt
005 20150128101052.0
008 051114s1994 slv spa
020 _a84-473-0301-2
040 _cBMC
082 _a863
100 1 _aCervantes Saavedra, Miguel de
_d1547-1616
_926819
245 1 0 _aDon Quijote de la Mancha
_cMiguel de Cervantes; edición, introducción y notas, Martín de Riquer
260 _aBarcelona
_bRBA
_c1994
300 _a2 v.
_c21 cm
490 _aHistoria de la Literatura
650 2 4 _929289
_aNovela española
700 1 _9929
_aRiquer, Martín de
942 _2ddc
_cBK
999 _c17187
_d17187